000 00984nam a2200241 i 4500
001 161867
003 ES-MaACL
005 20250804062627.0
008 970613s1876 sp |||| | spa d
100 1 _aPérez Galdós, Benito,
_d1843-1920
_990871
245 1 3 _aLa segunda casaca
_b: (continuación y fin de las Memorias de un cortesano de 1815) /
_cB. Pérez Galdós.
260 _aMadrid :
_b[s.n.],
_c1876 (
_fImp. de José María Pérez)
300 _a347 p. ;
_c17 cm.
490 1 _aEpisodios nacionales. Segunda serie ;
_v3
530 _aDisponible en formato digital.
597 _aPort. a dos tintas.
651 4 _aEspaña-
_xHistoria-
_y1814-1833, Fernando VII-
_vNovelas.
_9169797
700 1 _aPérez, José María.
_9131500
830 0 _aEpisodios nacionales. Segunda serie ;
_v3
_9188349
852 _aES-MaACL
_jB-5810 Bis
_z- Enc. pasta
856 _uhttp://bdh-rd.bne.es/viewer.vm?id=0000201143&page=1
_zBiblioteca Digital Hispánica
999 _c161867
_d161867